| 000 | 01905nac a22003251u 4500 | ||
|---|---|---|---|
| 010 | _a 00067452 | ||
| 020 | _a052162312X | ||
| 020 | _a0521626315 (pb.) | ||
| 082 | 0 | 0 |
_a338.956 _bH5211 |
| 090 |
_c2343 _d2343 |
||
| 100 | _aHenry, Clement M., | ||
| 245 | 1 | 0 |
_aGlobalization and the politics of development in the Middle East / _cClement M. Henry and Robert Springborg. |
| 260 |
_aCambridge, UK ; _aNew York, NY, USA : _bCambridge University Press,2001 _c2001. |
||
| 300 |
_axxi, 258 p. : _bill., maps ; _c24 cm. |
||
| 440 | 4 |
_aThe contemporary Middle East ; _v1 |
|
| 504 | _aIncludes bibliographical references (p. 230-240). | ||
| 650 | 0 | _aGlobalization. | |
| 651 | 0 |
_aMiddle East _xEconomic conditions _y1979- |
|
| 651 | 0 |
_aMiddle East _xPolitics and government _y1979- |
|
| 700 | 1 | _aSpringborg, Robert. | |
| 856 | 4 | 1 |
_3Sample text _uhttp://www.loc.gov/catdir/samples/cam031/00067452.html |
| 856 | 4 | 1 |
_3Publisher description _uhttp://www.loc.gov/catdir/description/cam021/00067452.html |
| 856 | 4 | 1 |
_3Table of contents _uhttp://www.loc.gov/catdir/toc/cam022/00067452.html |
| 942 |
_cBB _k338.956 H5211 |
||
| 999 |
_c2343 _d2343 |
||